Normal view
MARC view
- Neittaanmäki, Pekka
Entry Personal Name
001 - CONTROL NUMBER
- control field: 98492
003 - CONTROL NUMBER IDENTIFIER
- control field: NUST
005 - DATE AND TIME OF LATEST TRANSACTION
- control field: 20220825102317.0
008 - FIXED-LENGTH DATA ELEMENTS
- fixed length control field: 220825|| aca||aabn | a|a d
040 ## - CATALOGING SOURCE
- Original cataloging agency: NUST
- Transcribing agency: NUST
100 ## - HEADING--PERSONAL NAME
- Personal name: Neittaanmäki, Pekka
670 ## - SOURCE DATA FOUND
- Source citation: Work cat.: (NUST)0: Cyber Security: Power and Technology /
